Estimating Shadow Prices of Wastewater Pollutants in Slovakia
Tieňové ceny znečisťujúcich látok v životnom prostredí v odpadových vodách, ktoré možno za predpokladu optimálnych úrovní znečistenia interpretovať ako environmentálne prínosy získané z procesu úpravy. Vzorka 57 stredne veľkých slovenských čistiarní odpadových vôd.
Gespeichert in:
| 1. Verfasser: | |
|---|---|
| Weitere Verfasser: | , |
| Format: | Buchkapitel |
| Sprache: | Englisch |
| Schlagworte: | |
| Tags: |
Keine Tags, Fügen Sie das erste Tag hinzu!
|
MARC
| LEADER | 00000naa a2200000 4500 | ||
|---|---|---|---|
| 001 | 0263294 | ||
| 005 | 20200429122243.1 | ||
| 041 | 0 | |a eng | |
| 044 | |a SK | ||
| 245 | 1 | 0 | |a Estimating Shadow Prices of Wastewater Pollutants in Slovakia |c Veronika Antalová, Stella Slučiaková, Martin Haluš |
| 520 | |a Tieňové ceny znečisťujúcich látok v životnom prostredí v odpadových vodách, ktoré možno za predpokladu optimálnych úrovní znečistenia interpretovať ako environmentálne prínosy získané z procesu úpravy. Vzorka 57 stredne veľkých slovenských čistiarní odpadových vôd. | ||
| 610 | 2 | 0 | |a oceňovanie |
| 610 | 2 | 0 | |a ceny tieňové |
| 610 | 2 | 0 | |a čistiarne vôd odpadových |
| 610 | 2 | 0 | |a prostredie životné |
| 100 | 1 | |a Antalová, Veronika | |
| 700 | 1 | |a Slučiaková, Stella | |
| 700 | 1 | |a Haluš, Martin | |